[Event "Chigorin Memorial"]
[Site "St Petersburg"]
[Date "2015.10.11"]
[Round "9.89"]
[White "Nikitinyh, Boris"]
[Black "Ovchinnikov, Vsevolod"]
[Result "0-1"]
[WhiteElo "2065"]
[BlackElo "2273"]
[PlyCount "78"]
[EventDate "2015.10.03"]
[EventRounds "9"]
[EventCountry "RUS"]

1. e4 e6 2. Nc3 d5 3. g3 dxe4 4. Nxe4 c5 5. Bg2 Be7 6. Ne2 Nf6 7. d4 cxd4 8.
Qxd4 O-O 9. Qxd8 Rxd8 10. O-O Nc6 11. Bg5 e5 12. Nxf6+ gxf6 13. Be3 Nb4 14. c4
Bf5 15. Bxb7 Rab8 16. Bf3 Nc2 17. Bxa7 Nxa1 18. Bxb8 Rxb8 19. Rxa1 Rxb2 20. Nc3
Bc5 21. Nd1 Rd2 22. a4 Bd4 23. Rc1 Bc5 24. Ne3 Be6 25. Bc6 f5 26. Nd1 f4 27.
gxf4 exf4 28. Kg2 Bg4 29. Bf3 Bf5 30. Kf1 Bc2 31. Ke1 Bb4 32. Kf1 Bd3+ 33. Kg2
Bc5 34. Kh3 f5 35. Kh4 h6 36. Kh3 Bf1+ 37. Bg2 Be2 38. Bd5+ Kh7 39. Nc3 Bg4+
0-1

[Event "Chigorin Memorial"]
[Site "St Petersburg"]
[Date "2015.10.11"]
[Round "9.90"]
[White "Melnikov, Dmitry"]
[Black "Aseev, Vladimir"]
[Result "1-0"]
[WhiteElo "2272"]
[BlackElo "2087"]
[PlyCount "105"]
[EventDate "2015.10.03"]
[EventRounds "9"]
[EventCountry "RUS"]

1. f4 Nf6 2. Nf3 g6 3. g3 Bg7 4. Bg2 O-O 5. O-O c5 6. d3 d5 7. Qe1 b6 8. e4
dxe4 9. dxe4 Bb7 10. Nc3 e6 11. e5 Nd5 12. Ne4 Nc6 13. Nd6 Ba6 14. c4 Nde7 15.
Ng5 Qd7 16. Be3 f6 17. exf6 Bxf6 18. Rd1 Rad8 19. Nb5 Qxd1 20. Qxd1 Rxd1 21.
Rxd1 Bxb5 22. cxb5 Nd4 23. a4 Bxg5 24. fxg5 Nef5 25. Bf2 Ne2+ 26. Kh1 Nfd4 27.
Be1 Rf5 28. Bd2 Nb3 29. Bh3 Re5 30. Bc3 Ned4 31. Bf1 Rxg5 32. Bc4 Rf5 33. Kg2
Kf8 34. Bxb3 Nxb3 35. Rd8+ Ke7 36. Ra8 Rd5 37. Rxa7+ Rd7 38. Bf6+ Kd6 39. Be5+
Ke7 40. Bc7 Rd2+ 41. Kh3 Kf6 42. Bxb6 Rxb2 43. Rxh7 e5 44. Rc7 Ra2 45. a5 e4
46. a6 e3 47. Rc6+ Kf5 48. Bxc5 Nxc5 49. Rxc5+ Ke4 50. Rc8 Kd4 51. Re8 Kc5 52.
Rxe3 Kxb5 53. Re6 1-0

[Event "Chigorin Memorial"]
[Site "St Petersburg"]
[Date "2015.10.11"]
[Round "9.91"]
[White "Ioffe, Ilya"]
[Black "Balaian, Alina"]
[Result "0-1"]
[WhiteElo "2087"]
[BlackElo "2269"]
[PlyCount "90"]
[EventDate "2015.10.03"]
[EventRounds "9"]
[EventCountry "RUS"]

1. e4 e6 2. d4 d5 3. Nd2 Nf6 4. e5 Nfd7 5. c3 c5 6. Bd3 Nc6 7. Ne2 cxd4 8. cxd4
f6 9. exf6 Nxf6 10. O-O Bd6 11. Nf3 Qc7 12. Bg5 O-O 13. Bh4 Nh5 14. Nc3 Be7 15.
Bxe7 Qxe7 16. Bc2 g6 17. Qe2 Bd7 18. Rad1 Rf7 19. Ba4 Raf8 20. Bxc6 Nf4 21. Qe3
Bxc6 22. Ne5 Rf5 23. Nd3 g5 24. Rde1 Bd7 25. Nc5 Bc8 26. Ne2 b6 27. Nd3 Ba6 28.
Nec1 Qf6 29. f3 g4 30. Nxf4 Rxf4 31. Rf2 Rxd4 32. fxg4 Qxf2+ 33. Qxf2 Rxf2 34.
Kxf2 Rd2+ 35. Kf3 Kf7 36. b3 d4 37. a4 Kf6 38. g5+ Kxg5 39. Rxe6 Bb7+ 40. Kg3
Rxg2+ 41. Kh3 Rg1 42. Re5+ Kf6 43. Nd3 Bc8+ 44. Kh4 Bf5 45. Ne1 Rg4+ 0-1

[Event "Chigorin Memorial"]
[Site "St Petersburg"]
[Date "2015.10.11"]
[Round "9.92"]
[White "Bekhovskiy, Mikhail"]
[Black "Soldatov, Arnold"]
[Result "1/2-1/2"]
[WhiteElo "2264"]
[BlackElo "2085"]
[PlyCount "117"]
[EventDate "2015.10.03"]
[EventRounds "9"]
[EventCountry "RUS"]

1. e4 e5 2. Nf3 d6 3. Bc4 Be7 4. d4 exd4 5. Nxd4 Nf6 6. Nc3 Nc6 7. Nxc6 bxc6 8.
O-O O-O 9. Bf4 Nd7 10. Qd2 Bf6 11. f3 Nb6 12. Bb3 Be6 13. Rfe1 d5 14. e5 Be7
15. Ne2 c5 16. c3 c4 17. Bc2 c5 18. Be3 Qd7 19. Ng3 Rfd8 20. Rad1 Qc7 21. Qf2
d4 22. cxd4 Nd5 23. Kh1 Nxe3 24. Qxe3 cxd4 25. Rxd4 Rxd4 26. Qxd4 Rd8 27. Qc3
Qb6 28. a3 Bh4 29. Qe3 Qxe3 30. Rxe3 Rb8 31. Re2 g6 32. Ba4 c3 33. b4 a5 34. b5
Bc4 35. Re1 Bd3 36. Rc1 c2 37. Ne4 Bxb5 38. Bxc2 Rc8 39. Nd6 Rc5 40. Rb1 Rxc2
41. Nxb5 Be7 42. g3 Re2 43. Nd4 Rxe5 44. Nc6 Re6 45. Nxe7+ Rxe7 46. Rb5 Re3 47.
Rxa5 Rxf3 48. Kg2 Rb3 49. h4 h5 50. Ra6 Kg7 51. a4 Ra3 52. a5 Rb3 53. Rb6 Ra3
54. a6 Ra2+ 55. Kf3 Ra3+ 56. Kf4 Kh6 57. Rc6 Kg7 58. Rb6 Kh6 59. Rc6 1/2-1/2

[Event "Chigorin Memorial"]
[Site "St Petersburg"]
[Date "2015.10.11"]
[Round "9.93"]
[White "Shapiro, David"]
[Black "Palin, Denis"]
[Result "1/2-1/2"]
[WhiteElo "2255"]
[BlackElo "2081"]
[PlyCount "102"]
[EventDate "2015.10.03"]
[EventRounds "9"]
[EventCountry "RUS"]

1. d4 d6 2. e4 Nc6 3. Nc3 g6 4. Be3 Bg7 5. Nf3 e5 6. Qd2 Nf6 7. d5 Nb8 8. Bh6
O-O 9. h4 Bxh6 10. Qxh6 Ng4 11. Qd2 h6 12. Ng1 Kg7 13. h5 g5 14. f3 Nf6 15. g4
Nbd7 16. Nge2 a5 17. Ng3 Nc5 18. Be2 Ng8 19. O-O Ne7 20. Nd1 Bd7 21. c4 f6 22.
b3 b6 23. Qc3 Ra7 24. Nf2 Qb8 25. Rfb1 Qe8 26. Nd3 Qf7 27. a3 Rfa8 28. b4 axb4
29. axb4 Nxd3 30. Bxd3 Qe8 31. c5 Qb8 32. cxd6 cxd6 33. b5 Rxa1 34. Rxa1 Rxa1+
35. Qxa1 Qc7 36. Kg2 Nc8 37. Ne2 Na7 38. Qc3 Qxc3 39. Nxc3 Kf7 40. Na4 Nc8 41.
Kf2 Ke7 42. Ke3 Kd8 43. Kd2 Kc7 44. Kc3 Na7 45. Kb4 Nc8 46. Bc4 Ne7 47. Nb2 Nc8
48. Nd3 Be8 49. Ka4 Bd7 50. Nb4 Be8 51. Nc6 Bd7 1/2-1/2

[Event "Chigorin Memorial"]
[Site "St Petersburg"]
[Date "2015.10.11"]
[Round "9.94"]
[White "Muhtarov, Leonid"]
[Black "Vaseptsov, Maxim"]
[Result "1-0"]
[WhiteElo "2060"]
[BlackElo "2241"]
[PlyCount "87"]
[EventDate "2015.10.03"]
[EventRounds "9"]
[EventCountry "RUS"]

1. Nf3 Nf6 2. g3 e6 3. Bg2 d5 4. O-O Be7 5. d3 O-O 6. Nbd2 c5 7. e4 Nc6 8. e5
Nd7 9. Re1 Qc7 10. Qe2 b5 11. c3 a5 12. Nf1 a4 13. Bf4 b4 14. c4 dxc4 15. dxc4
Bb7 16. Rad1 Rad8 17. h4 Rfe8 18. h5 Qb6 19. h6 g6 20. Qe3 Nd4 21. Nxd4 cxd4
22. Qxd4 Bc5 23. Qd2 Nxe5 24. Qe2 Nc6 25. Nh2 Bd4 26. Nf3 Bf6 27. Be3 Qc7 28.
Bg5 Qe7 29. Qe3 e5 30. Bxf6 Qxf6 31. Rxd8 Qxd8 32. Ng5 Re7 33. Bd5 Nd4 34. Bxb7
f6 35. Bd5+ Kf8 36. Ne4 f5 37. Ng5 Qd6 38. Rd1 Qf6 39. Nf3 Nc2 40. Qd2 b3 41.
axb3 axb3 42. Qa5 Re8 43. Qb5 e4 44. Qxb3 1-0

[Event "Chigorin Memorial"]
[Site "St Petersburg"]
[Date "2015.10.11"]
[Round "9.95"]
[White "Tishova, Svetlana"]
[Black "Askerov, Marat"]
[Result "1/2-1/2"]
[WhiteElo "2058"]
[BlackElo "2232"]
[PlyCount "88"]
[EventDate "2015.10.03"]
[EventRounds "9"]
[EventCountry "RUS"]

1. e4 c6 2. Nc3 d5 3. Nf3 Bg4 4. h3 Bxf3 5. Qxf3 Nf6 6. d3 e6 7. Bd2 Nbd7 8. g4
Bd6 9. g5 dxe4 10. dxe4 Ne5 11. Qe2 Nfd7 12. O-O-O Qc7 13. Be3 Ng6 14. Qd2 Bf4
15. Ne2 Bxe3 16. Qxe3 Qa5 17. Kb1 O-O-O 18. Nd4 Nc5 19. Be2 Qb6 20. Kc1 h6 21.
gxh6 Rxh6 22. Rhg1 Qc7 23. Nf5 exf5 24. Qxc5 Rxd1+ 25. Rxd1 Kb8 26. Qxf5 Nf4
27. Bg4 Ne6 28. Qf3 Rf6 29. Qg3 Nf4 30. Qa3 a6 31. Qf8+ Ka7 32. Rd8 a5 33. Qc5+
b6 34. Qf8 Ne6 35. Bxe6 Rxe6 36. Rd4 c5 37. Qd8 Qf4+ 38. Rd2 Rxe4 39. Qd7+ Kb8
40. Qd8+ Ka7 41. Qd7+ Ka6 42. Qc8+ Ka7 43. Qd7+ Ka6 44. Qc8+ Ka7 1/2-1/2

[Event "Chigorin Memorial"]
[Site "St Petersburg"]
[Date "2015.10.11"]
[Round "9.96"]
[White "Orlov, Konstantin"]
[Black "Kuznetsov, Felix"]
[Result "1-0"]
[WhiteElo "2222"]
[BlackElo "2074"]
[PlyCount "48"]
[EventDate "2015.10.03"]
[EventRounds "9"]
[EventCountry "RUS"]

1. c4 e6 2. g3 Nf6 3. Bg2 Be7 4. d4 d5 5. Nc3 O-O 6. Nf3 b6 7. cxd5 exd5 8. O-O
Bb7 9. Bf4 Na6 10. Rc1 c5 11. Qa4 Qc8 12. Ne5 Qe6 13. h4 Nh5 14. e3 Rfd8 15.
Kh2 Nxf4 16. exf4 Nc7 17. Rfe1 Qd6 18. Rcd1 Bf8 19. dxc5 bxc5 20. Rd2 Rab8 21.
Qxa7 Ba8 22. Bxd5 Qe7 23. Bxf7+ Qxf7 24. Rxd8 Rxb2 1-0

[Event "Chigorin Memorial"]
[Site "St Petersburg"]
[Date "2015.10.11"]
[Round "9.97"]
[White "Abramov, Nikita"]
[Black "Volkov, Roman"]
[Result "1-0"]
[WhiteElo "2222"]
[BlackElo "2044"]
[PlyCount "79"]
[EventDate "2015.10.03"]
[EventRounds "9"]
[EventCountry "RUS"]

1. c4 Nf6 2. g3 g6 3. Bg2 Bg7 4. Nc3 O-O 5. e4 d6 6. Nge2 e5 7. O-O Nc6 8. d3
Nh5 9. Be3 Be6 10. Qd2 Qd7 11. Rae1 Bh3 12. f4 Bxg2 13. Kxg2 exf4 14. Nxf4
Nxf4+ 15. Rxf4 Nd4 16. Nd5 Ne6 17. Nf6+ Bxf6 18. Rxf6 c6 19. Bh6 Rfe8 20. Ref1
Re7 21. Qf2 d5 22. h4 dxe4 23. dxe4 b6 24. e5 Nc5 25. Rd6 Qe8 26. Qf6 Ne6 27.
h5 Rd8 28. hxg6 hxg6 29. Rfd1 Red7 30. Kf2 c5 31. b3 a6 32. Bc1 Rxd6 33. exd6
Qf8 34. Rh1 Qg7 35. Bb2 Rd7 36. Rh8+ Kxh8 37. Qh4+ Kg8 38. Bxg7 Kxg7 39. Qe4
Nd4 40. Qe7 1-0

[Event "Chigorin Memorial"]
[Site "St Petersburg"]
[Date "2015.10.11"]
[Round "9.98"]
[White "Golikov, Daniil"]
[Black "Zaykov, Sergey"]
[Result "1/2-1/2"]
[WhiteElo "2039"]
[BlackElo "2210"]
[PlyCount "144"]
[EventDate "2015.10.03"]
[EventRounds "9"]
[EventCountry "RUS"]

1. Nf3 f5 2. d3 d6 3. g3 Nf6 4. Bg2 g6 5. O-O Bg7 6. Nbd2 O-O 7. e4 Nc6 8. c3
Kh8 9. Re1 e5 10. d4 f4 11. dxe5 dxe5 12. Qe2 Nh5 13. Rd1 Qf6 14. Ne1 Be6 15.
g4 f3 16. Bxf3 Nf4 17. Qf1 Qh4 18. Ng2 Nh3+ 19. Kh1 Nxf2+ 20. Kg1 Nh3+ 21. Kh1
Nf2+ 22. Kg1 Nh3+ 23. Kh1 Qf6 24. Ne3 Ng5 25. Bg2 Qe7 26. Qe2 Bh6 27. b4 Rad8
28. a4 Qd7 29. b5 Nb8 30. Ba3 Rfe8 31. h4 Nf7 32. Nf3 Qc8 33. Rxd8 Rxd8 34. g5
Bg7 35. Rd1 Bb3 36. Rxd8+ Qxd8 37. Ne1 c6 38. Kh2 h6 39. bxc6 bxc6 40. Qd3 Qxd3
41. Nxd3 hxg5 42. Nc5 Ba2 43. hxg5 Nxg5 44. Nb7 Nd7 45. Nd8 Nf6 46. Nxc6 Nfxe4
47. Nxa7 Nxc3 48. a5 e4 49. Nc6 Nd5 50. Nxd5 Bxd5 51. Ne7 Bb7 52. Nxg6+ Kh7 53.
Ne7 Be5+ 54. Kh1 Bc3 55. a6 Bxa6 56. Bc1 Nf3 57. Bxf3 exf3 58. Be3 Bb7 59. Kg1
Be4 60. Nc8 Kg6 61. Nd6 Bd5 62. Nb5 Bf6 63. Nd4 Kh5 64. Nxf3 Bxf3 65. Ba7 Bh4
66. Bb6 Kg4 67. Ba7 Kh3 68. Bb6 Bg2 69. Ba7 Bg3 70. Bb6 Be4 71. Ba7 Bh2+ 72.
Kf2 Bf4 1/2-1/2

[Event "Chigorin Memorial"]
[Site "St Petersburg"]
[Date "2015.10.11"]
[Round "9.99"]
[White "Shpartko, Grigory"]
[Black "Illina, Natalia"]
[Result "1-0"]
[WhiteElo "2193"]
[BlackElo "2041"]
[PlyCount "63"]
[EventDate "2015.10.03"]
[EventRounds "9"]
[EventCountry "RUS"]

1. d4 Nf6 2. g3 e6 3. Bg2 Nc6 4. e4 b6 5. e5 Nd5 6. c4 Nde7 7. d5 exd5 8. cxd5
Nb8 9. d6 Nec6 10. Nc3 Bb7 11. Nh3 Na5 12. Bxb7 Nxb7 13. Nb5 Na6 14. Qf3 c6 15.
O-O h6 16. Nd4 g6 17. Re1 Nac5 18. Nf4 Qc8 19. b4 Ne6 20. Nfxe6 dxe6 21. Qf6
Rg8 22. Bxh6 Qd7 23. Bg5 Rc8 24. Rac1 c5 25. bxc5 Nxc5 26. Nb3 Bg7 27. Qf3 Rh8
28. Nxc5 bxc5 29. Rb1 Qc6 30. Rb8 Qa6 31. d7+ Kxd7 32. Rb7+ 1-0

[Event "Chigorin Memorial"]
[Site "St Petersburg"]
[Date "2015.10.11"]
[Round "9.100"]
[White "Khalaji, Hanieh"]
[Black "Vunder, Andrey"]
[Result "1/2-1/2"]
[WhiteElo "2006"]
[BlackElo "2192"]
[PlyCount "64"]
[EventDate "2015.10.03"]
[EventRounds "9"]
[EventCountry "RUS"]

1. e4 c6 2. d4 d5 3. exd5 cxd5 4. Bd3 Nc6 5. c3 Qc7 6. h3 g6 7. Nf3 Bf5 8. Bxf5
gxf5 9. g3 e6 10. Bf4 Bd6 11. Bxd6 Qxd6 12. Qe2 Nf6 13. Ne5 Ne4 14. Nxc6 bxc6
15. Nd2 Rb8 16. Nxe4 fxe4 17. O-O-O O-O 18. f3 f5 19. Rhf1 Kh8 20. g4 Rb7 21.
fxe4 fxe4 22. g5 Rbf7 23. Rxf7 Rxf7 24. Rf1 Qf8 25. Rxf7 Qxf7 26. Qh2 Qf1+ 27.
Kc2 Qd3+ 28. Kb3 Qb5+ 29. Kc2 Qd3+ 30. Kb3 Qb5+ 31. Kc2 Qd3+ 32. Kb3 Qb5+
1/2-1/2

[Event "Chigorin Memorial"]
[Site "St Petersburg"]
[Date "2015.10.11"]
[Round "9.101"]
[White "Dragun, Valentin"]
[Black "Pustovidko, Anastasia"]
[Result "1/2-1/2"]
[WhiteElo "2190"]
[BlackElo "2035"]
[PlyCount "80"]
[EventDate "2015.10.03"]
[EventRounds "9"]
[EventCountry "RUS"]

1. e4 c6 2. d4 d5 3. f3 e6 4. Nc3 Bb4 5. Bd2 Ne7 6. Bd3 dxe4 7. fxe4 Qxd4 8.
Nf3 Qb6 9. Qe2 Nd7 10. e5 Nc5 11. Ng5 Nxd3+ 12. Qxd3 Bxc3 13. bxc3 Qb5 14. Qd4
Nf5 15. Qf4 h6 16. Ne4 O-O 17. c4 Qb2 18. O-O Qd4+ 19. Kh1 c5 20. Rae1 b6 21.
Bc3 Qd8 22. Rd1 Qh4 23. g4 Bb7 24. Be1 Qg5 25. Qf3 Bxe4 26. Qxe4 Qe3 27. Qg2
Ne7 28. Rd7 Rae8 29. Bg3 Qc3 30. Qb7 Qxc4 31. Kg1 Qxc2 32. Rxe7 Rxe7 33. Qxe7
Qxa2 34. g5 Qd2 35. g6 Qe3+ 36. Rf2 Qe1+ 37. Rf1 Qe3+ 38. Rf2 Qe1+ 39. Rf1 Qe3+
40. Rf2 Qe1+ 1/2-1/2

[Event "Chigorin Memorial"]
[Site "St Petersburg"]
[Date "2015.10.11"]
[Round "9.102"]
[White "Privorotsky, Oleg"]
[Black "Obgolts, Erik"]
[Result "0-1"]
[WhiteElo "1985"]
[BlackElo "2184"]
[PlyCount "78"]
[EventDate "2015.10.03"]
[EventRounds "9"]
[EventCountry "RUS"]

1. e4 g6 2. d4 Bg7 3. Nf3 d6 4. Nc3 Nd7 5. g3 e6 6. Bg2 Ne7 7. O-O O-O 8. Re1
h6 9. h4 Rb8 10. a4 b6 11. Rb1 a6 12. b3 b5 13. axb5 axb5 14. Bb2 b4 15. Ne2
Bb7 16. Nf4 d5 17. Ne5 Nxe5 18. dxe5 c5 19. exd5 Nxd5 20. Bxd5 Bxd5 21. Qg4 h5
22. Qe2 Ba8 23. Rbd1 Qc7 24. Kh2 Rbd8 25. Nd3 c4 26. bxc4 Qxc4 27. f4 Rc8 28.
Rd2 Rfd8 29. Red1 Rd5 30. g4 hxg4 31. Qxg4 b3 32. cxb3 Qxb3 33. Qg3 Rc2 34. Kh3
Rxd2 35. Rxd2 Qb7 36. Rc2 Rb5 37. Bc1 Qh1+ 38. Qh2 Qf1+ 39. Kg4 Qf3+ 0-1

[Event "Chigorin Memorial"]
[Site "St Petersburg"]
[Date "2015.10.11"]
[Round "9.103"]
[White "Salman, Pavel"]
[Black "Oberholzer, Francois"]
[Result "1/2-1/2"]
[WhiteElo "2183"]
[BlackElo "2032"]
[PlyCount "81"]
[EventDate "2015.10.03"]
[EventRounds "9"]
[EventCountry "RUS"]

1. d4 Nf6 2. c4 c5 3. d5 b5 4. cxb5 a6 5. b6 e6 6. Nc3 exd5 7. Nxd5 Nxd5 8.
Qxd5 Nc6 9. Nf3 Rb8 10. e4 Be7 11. Bc4 O-O 12. O-O Rxb6 13. Ng5 Qe8 14. Qf5
Bxg5 15. Qxg5 Ne5 16. Be2 d5 17. exd5 Rg6 18. Qe3 Bb7 19. Bh5 Rd6 20. Qxc5 Rxd5
21. Qc7 Qb5 22. a4 Qb4 23. Be3 Re8 24. a5 Rd7 25. Qc2 Qh4 26. Be2 Rd6 27. Qa4
Qe7 28. g3 Rg6 29. Rfd1 Nf3+ 30. Bxf3 Bxf3 31. Rd4 Bc6 32. Qd1 Qe6 33. Rd8 Qe4
34. Rxe8+ Qxe8 35. Qd4 Bf3 36. Rc1 Rc6 37. Rxc6 Bxc6 38. Qb6 Bb5 39. h3 h6 40.
Qd4 Qc8 41. g4 1/2-1/2

[Event "Chigorin Memorial"]
[Site "St Petersburg"]
[Date "2015.10.11"]
[Round "9.104"]
[White "Rubtsov, Aleksandr"]
[Black "Galaktionov, Artem"]
[Result "0-1"]
[WhiteElo "1924"]
[BlackElo "2174"]
[PlyCount "136"]
[EventDate "2015.10.03"]
[EventRounds "9"]
[EventCountry "RUS"]

1. e4 c6 2. d4 d5 3. Nc3 dxe4 4. Nxe4 Bf5 5. Ng3 Bg6 6. h4 h6 7. Nf3 Nd7 8. Bd3
Bxd3 9. Qxd3 e6 10. Bf4 Ngf6 11. h5 Qa5+ 12. Bd2 Qc7 13. O-O-O O-O-O 14. Qe2 c5
15. dxc5 Bxc5 16. Bc3 Rhg8 17. Bd4 Nd5 18. Bxc5 Nxc5 19. Nd4 Nf4 20. Qf3 Ncd3+
21. Kb1 Rxd4 22. cxd3 Kb8 23. Ne2 Nxe2 24. Qxe2 Rgd8 25. Rh3 e5 26. Rc1 Qd6 27.
Rc3 e4 28. Kc2 f5 29. Re3 Qd5 30. a3 a6 31. f3 exf3 32. Qxf3 Rg4 33. g3 Qxf3
34. Rxf3 Rg5 35. Rc5 Rc8 36. Rxc8+ Kxc8 37. Kc3 Rxh5 38. Kd4 g6 39. Ke5 Kd7 40.
Kf6 Rg5 41. d4 b5 42. Rc3 Rg4 43. Ke5 Re4+ 44. Kf6 Re6+ 45. Kf7 Rd6 46. b4 g5
47. d5 Rxd5 48. Kg6 f4 49. Kxh6 Re5 50. gxf4 gxf4 51. Rf3 Rf5 52. Kg6 Ke6 53.
Rc3 Rf8 54. Kg7 Rd8 55. Rc6+ Rd6 56. Rc8 Kf5 57. Rf8+ Ke4 58. Re8+ Kd3 59. Rf8
Ke3 60. Re8+ Kf2 61. Re5 f3 62. Rf5 Ke2 63. Re5+ Kf1 64. Kf7 f2 65. Rf5 Rd3 66.
Rg5 Ke2 67. Rg2 Ke1 68. Rxf2 Kxf2 0-1

[Event "Chigorin Memorial"]
[Site "St Petersburg"]
[Date "2015.10.11"]
[Round "9.105"]
[White "Tsirulnik, Maritsa"]
[Black "Stepanov, Andrey"]
[Result "1/2-1/2"]
[WhiteElo "2153"]
[BlackElo "1980"]
[PlyCount "84"]
[EventDate "2015.10.03"]
[EventRounds "9"]
[EventCountry "RUS"]

1. d4 Nf6 2. c4 g6 3. Nf3 Bg7 4. g3 O-O 5. Bg2 d5 6. cxd5 Nxd5 7. O-O Nc6 8.
Nc3 Nb6 9. e3 Re8 10. Re1 e5 11. d5 Ne7 12. e4 Bg4 13. h3 Bxf3 14. Qxf3 Nec8
15. b3 Nd6 16. Bb2 f5 17. Rad1 Rf8 18. Qe2 f4 19. Rd3 h5 20. Nb1 Kh7 21. Nd2
Re8 22. gxf4 exf4 23. Bxg7 Kxg7 24. e5 Nf5 25. Ne4 Rxe5 26. Qb2 Nd7 27. Rf3 Kh6
28. Rxf4 Qe7 29. Qd2 g5 30. Rxf5 Rxf5 31. h4 Re8 32. Rc1 Qe5 33. Nxg5 Qf4 34.
Qxf4 Rxf4 35. Ne6 Rxh4 36. Rxc7 Nf8 37. Rxb7 Nxe6 38. dxe6 Rxe6 39. a4 Rd4 40.
Bf3 Rf6 41. Be2 a6 42. Ra7 Rdd6 1/2-1/2

[Event "Chigorin Memorial"]
[Site "St Petersburg"]
[Date "2015.10.11"]
[Round "9.106"]
[White "Danielyan, Vahe"]
[Black "Bezstrakhov, Dmitry"]
[Result "1/2-1/2"]
[WhiteElo "2151"]
[BlackElo "1903"]
[PlyCount "81"]
[EventDate "2015.10.03"]
[EventRounds "9"]
[EventCountry "RUS"]

1. Nf3 Nf6 2. g3 g6 3. b3 Bg7 4. Bb2 c5 5. Bg2 d5 6. O-O O-O 7. d3 Nc6 8. Nbd2
Re8 9. c4 d4 10. a3 a5 11. Ne1 e5 12. Nc2 Bd7 13. e4 Qc8 14. f4 Ra6 15. Nf3 Nh5
16. fxe5 Bg4 17. Qd2 Nxe5 18. b4 Nxf3+ 19. Bxf3 Bxf3 20. Rxf3 axb4 21. axb4
Rxa1+ 22. Nxa1 Qg4 23. Qf2 Bh6 24. Nc2 b6 25. Kg2 Nf4+ 26. Rxf4 Bxf4 27. h3 Qd1
28. gxf4 Qxd3 29. e5 Qxc4 30. Ne1 Ra8 31. Kg1 Ra2 32. Qh4 h5 33. Qd8+ Kh7 34.
Nf3 Rxb2 35. Ng5+ Kg7 36. Qf6+ Kg8 37. Qd8+ Kg7 38. Qf6+ Kg8 39. Qd8+ Kg7 40.
Qf6+ Kg8 41. Qd8+ 1/2-1/2

[Event "Chigorin Memorial"]
[Site "St Petersburg"]
[Date "2015.10.11"]
[Round "9.107"]
[White "Svidinsky, Dmitry"]
[Black "Mukhtarova, Viktoriya"]
[Result "1-0"]
[WhiteElo "2147"]
[BlackElo "1782"]
[PlyCount "151"]
[EventDate "2015.10.03"]
[EventRounds "9"]
[EventCountry "RUS"]

1. e4 c5 2. Nf3 Nc6 3. d4 cxd4 4. Nxd4 g6 5. Nc3 Bg7 6. Be3 Nf6 7. Bc4 Qa5 8.
O-O O-O 9. h3 d6 10. Nb3 Qd8 11. Qd2 Ne5 12. Be2 Be6 13. Bh6 Nc4 14. Bxc4 Bxc4
15. Bxg7 Kxg7 16. Rfe1 Rc8 17. Qd4 a6 18. e5 dxe5 19. Qxe5 Bxb3 20. cxb3 Rc7
21. Rad1 Rd7 22. Rxd7 Qxd7 23. Rd1 Qe6 24. Qxe6 fxe6 25. Re1 Kf7 26. Ne4 Nxe4
27. Rxe4 Rd8 28. Re2 Rd1+ 29. Kh2 Ra1 30. a3 Rd1 31. b4 b5 32. Kg3 Kf6 33. Kf3
e5 34. Rc2 h6 35. Ke3 Ke6 36. Rc6+ Rd6 37. Rc5 Rd1 38. Ke2 Rd4 39. g4 Kd6 40.
Rc8 Ke6 41. Ke3 Kf6 42. Ra8 Rd6 43. h4 h5 44. gxh5 gxh5 45. Rh8 Kg6 46. Rg8+
Kh6 47. Rg5 Rd5 48. f3 Rd4 49. Rxe5 Rxh4 50. Rxe7 Rh2 51. Re6+ Kg5 52. Rxa6
Rxb2 53. Ra5 Rb3+ 54. Ke4 Kh4 55. Rxb5 Rxa3 56. Kf4 Rb3 57. Rb8 Kh3 58. b5 h4
59. b6 Kg2 60. b7 Rxf3+ 61. Ke4 Rb3 62. Rg8+ Kf2 63. b8=Q Rxb8 64. Rxb8 h3 65.
Kf4 h2 66. Rb2+ Kg1 67. Kg3 h1=N+ 68. Kh3 Nf2+ 69. Kg3 Ne4+ 70. Kf3 Ng5+ 71.
Kf4 Ne6+ 72. Ke3 Ng5 73. Rb5 Nh3 74. Kf3 Kh2 75. Rh5 Kh1 76. Rxh3+ 1-0

[Event "Chigorin Memorial"]
[Site "St Petersburg"]
[Date "2015.10.11"]
[Round "9.108"]
[White "Vorobyova, Valeriya"]
[Black "Muromtsev, Arthur"]
[Result "0-1"]
[WhiteElo "1850"]
[BlackElo "2265"]
[PlyCount "90"]
[EventDate "2015.10.03"]
[EventRounds "9"]
[EventCountry "RUS"]

1. e4 d5 2. exd5 Qxd5 3. d4 Nc6 4. Nf3 Bg4 5. Nc3 Qa5 6. Be2 Nf6 7. O-O O-O-O
8. Be3 e5 9. d5 Nxd5 10. Nxd5 Rxd5 11. Qc1 e4 12. Nd4 Bxe2 13. Nxe2 Rd7 14. a3
Bd6 15. b4 Bxh2+ 16. Kxh2 Qh5+ 17. Kg1 Qxe2 18. Qb2 f6 19. Qb3 Rhd8 20. Rfe1
Qb5 21. Bc5 Nd4 22. Bxd4 Rxd4 23. Qe6+ Qd7 24. Rxe4 Qxe6 25. Rxe6 Rd1+ 26. Rxd1
Rxd1+ 27. Kh2 Kd7 28. Re2 c5 29. Kg3 Ra1 30. Re3 c4 31. Rc3 b5 32. Kf4 Ke6 33.
Ke4 Re1+ 34. Kd4 Kd6 35. g4 g6 36. Rf3 Rd1+ 37. Ke4 Ke6 38. Re3 Rd2 39. Kf3+
Kd6 40. Rc3 Kd5 41. Ke3 Rd4 42. f3 Rd1 43. f4 Rg1 44. Kf3 Kd4 45. Re3 Rg3+ 0-1

[Event "Chigorin Memorial"]
[Site "St Petersburg"]
[Date "2015.10.11"]
[Round "9.109"]
[White "Semiev, Suhrab"]
[Black "Nikulina, Alena"]
[Result "1-0"]
[WhiteElo "2306"]
[BlackElo "2010"]
[PlyCount "85"]
[EventDate "2015.10.03"]
[EventRounds "9"]
[EventCountry "RUS"]

1. d4 c5 2. e3 e6 3. Nf3 Nf6 4. Bd3 d5 5. O-O Bd6 6. b3 Nc6 7. Bb2 O-O 8. a3
Qc7 9. Nbd2 e5 10. dxc5 Bxc5 11. b4 Bd6 12. e4 d4 13. Rc1 a6 14. c3 dxc3 15.
Bxc3 Bg4 16. h3 Bh5 17. Qb3 Rad8 18. Nh4 Rfe8 19. Bb1 b5 20. Ndf3 Qb6 21. g4
Bg6 22. Nxg6 hxg6 23. Rfd1 Bb8 24. Ba2 Nxe4 25. Qxf7+ Kh7 26. Nh4 Nd4 27. Bxd4
exd4 28. Bb1 Qd6 29. Qxg6+ Qxg6 30. Nxg6 Kh6 31. Bxe4 Rxe4 32. Nh4 g6 33. Rc6
Rd6 34. Rxd6 Bxd6 35. Nf3 Re2 36. Rxd4 Be7 37. Rd2 Re6 38. Kg2 Rc6 39. Rd7 Re6
40. h4 Bf8 41. g5+ Kh5 42. Rh7+ Kg4 43. Nh2+ 1-0

[Event "Chigorin Memorial"]
[Site "St Petersburg"]
[Date "2015.10.11"]
[Round "9.110"]
[White "Terentev, Mikhail"]
[Black "Ageichenko, Genadi A"]
[Result "0-1"]
[WhiteElo "2013"]
[BlackElo "2257"]
[PlyCount "120"]
[EventDate "2015.10.03"]
[EventRounds "9"]
[EventCountry "RUS"]

1. e4 g6 2. d4 Bg7 3. Nc3 c5 4. Nf3 cxd4 5. Nxd4 Nc6 6. Be3 Nf6 7. Bc4 Ng4 8.
Qxg4 Nxd4 9. Qd1 Ne6 10. Bb3 d6 11. O-O O-O 12. Qd2 Nc5 13. Bh6 a5 14. Rfd1 a4
15. Bxg7 Kxg7 16. Bc4 Bg4 17. Be2 Be6 18. Qd4+ f6 19. b3 Qc7 20. bxa4 Rfc8 21.
Bb5 Nd7 22. Nd5 Bxd5 23. Qxd5 Nb6 24. Qe6 Qd8 25. Rab1 Rc5 26. Be8 Qxe8 27.
Rxb6 Rc7 28. Qd5 Qxa4 29. Rxb7 Rxb7 30. Qxb7 Ra7 31. Qb1 Qxe4 32. Re1 Rb7 33.
Qd1 Qc4 34. Qf3 Rc7 35. c3 Qxa2 36. h4 Qc4 37. h5 Qc5 38. hxg6 hxg6 39. Qd3 Kf7
40. Qh3 Kg7 41. Re4 Qf5 42. Qe3 e5 43. Rh4 g5 44. Rh3 Rb7 45. Rf3 Qc2 46. Rh3
Rb1+ 47. Kh2 Qa4 48. c4 Qa1 49. Kg3 Qd4 50. Qxd4 exd4 51. Kf3 Re1 52. Kg4 Re4+
53. Kf3 f5 54. Rh1 Kf6 55. Ra1 g4+ 56. Kg3 d3 57. f3 Rxc4 58. Rd1 Rd4 59. fxg4
fxg4 60. Kf2 Ke5 0-1

[Event "Chigorin Memorial"]
[Site "St Petersburg"]
[Date "2015.10.11"]
[Round "9.111"]
[White "Turikov, Viktor"]
[Black "Ustich, Ekaterina"]
[Result "1-0"]
[WhiteElo "2239"]
[BlackElo "1996"]
[PlyCount "117"]
[EventDate "2015.10.03"]
[EventRounds "9"]
[EventCountry "RUS"]

1. e4 e5 2. Nf3 Nc6 3. Bb5 a6 4. Bxc6 dxc6 5. d3 Qd6 6. Nbd2 f6 7. Nc4 Qe7 8.
h3 Be6 9. Na5 Qc5 10. Bd2 b6 11. b4 Qd6 12. Nb3 Qd7 13. Rb1 Bd6 14. a3 Ne7 15.
c4 Ng6 16. Qc2 Be7 17. d4 exd4 18. Nbxd4 Bf7 19. Be3 O-O 20. O-O c5 21. Nf5
cxb4 22. axb4 Bd8 23. Rfd1 Qe6 24. c5 Re8 25. cxb6 cxb6 26. Nd6 Re7 27. Qc6 Rb8
28. Nd4 Ne5 29. Nxe6 Nxc6 30. Nxd8 Nxd8 31. Rbc1 Be6 32. Nc8 Rd7 33. Rxd7 Bxd7
34. Nxb6 Bb5 35. Nd5 Ne6 36. f3 Kf7 37. Kf2 Rd8 38. f4 Rd7 39. f5 Nd8 40. Nb6
Rb7 41. Rc8 Nc6 42. Bc5 Ne7 43. Rh8 Ng8 44. Nc8 Rd7 45. Nd6+ Rxd6 46. Bxd6 h6
47. g4 Bc4 48. e5 fxe5 49. Bxe5 Bd5 50. Kg3 Bc4 51. Rh7 Nf6 52. Bxf6 Kxf6 53.
Rh8 Bb3 54. Rc8 Bd5 55. Rb8 Bc4 56. Rb6+ Kf7 57. Kf4 Bf1 58. h4 Be2 59. g5 1-0